Ciencias naturales para pensar /

Guardado en:
Autor Principal: Vitali, Joaquín
Formato: Libro
Publicado: Madrid : Kapelusz, 2008
Series:Para pensar
Materias:
Etiquetas: Agregar Etiqueta
Sin Etiquetas, Sea el primero en etiquetar este registro!
LEADER 01016nam a22002535a 4500
001 CEM.cems017292
005 20151023125037.0
008 130507s2008##################000#0#####d
003 CEMS
020 |a 9789501302158 
082 0 4 |a 570 
100 1 |a Vitali, Joaquín 
245 1 0 |a Ciencias naturales para pensar /  |c Joaquín Vitali 
260 |a Madrid :  |b Kapelusz,  |c 2008 
300 |a 63 p. 
490 0 |a Para pensar 
500 |a Acompaña al libro de texto Ciencias naturales para pensar 1fichero de actividadespara educacion secundaria 
653 |a Ciencia naturales-actividades 
653 |a Ciencias naturales-fichero de actividades 
859 |a CEMS  |b BIB. CEMS - Agricultura  |h 570  |i V831  |p A1118.09  |t Ej.1  |v 7  |3 7 
859 |a CEMS  |b BIB. CEMS - Agricultura  |h 570  |i V831  |p A1119.09  |t Ej.2  |v 7  |3 7 
859 |a CEMS  |b BIB. CEMS - Agricultura  |h 570  |i V831  |p A1120.09  |t Ej.3  |v 7  |3 7 
859 |a CEMS  |b BIB. CEMS - Agricultura  |h 570  |i V831  |p A1121.09  |t Ej.4  |v 7  |3 7 
859 |a CEMS  |b BIB. CEMS - Agricultura  |h 570  |i V831  |p A1122.09  |t Ej.5  |v 7  |3 7